000 00807cam a22002294a 4500
005 20250605163955.0
008 250528s ||||||||||||||||||||||||d
035 _a15445
020 _a1853962260
040 _aGR-AtMCL
_bgre
_dGR-AtMCL
_eAACR2
245 1 _aManaging Change / Second Edition
250 _a2nd
260 _bPaul Chapman Publishing,
_c1993
300 _a228
505 0 _aAcknowledgements, Imperative of Change, Process of Change, Implementing Change, Examples of Change, Perspectives of Change, Index.
520 _aAcknowledgements, Imperative of Change, Process of Change, Implementing Change, Examples of Change, Perspectives of Change, Index.
700 1 _aMabey Christopher
_91366
700 1 _aWhite-Mayon Bill
_91367
942 _cBK
999 _c1025
_d1025